000 00482nam a22001817a 4500
003 CEME
005 20210628204052.0
008 210125b xxu||||| |||| 00| 0 eng d
020 _a0-8493-1241-8
040 _c.
082 _a620.0044 CHU
100 _aChung, Christopher. A
_968564
245 _aSimulation modeling handbook;a practical approach
260 _aNEW YORK
_bCRC PRESS
_c2004
300 _a800P
650 _aDIGITAL COMPUTER SIMULATION
_962078
942 _cBK
_2ddc
999 _c576108
_d576108